| 000 | 00683nam a2200193 i 4500 | ||
|---|---|---|---|
| 001 | 167845 | ||
| 003 | ES-MaACL | ||
| 005 | 20250820095206.0 | ||
| 008 | 050928s1879 fr |||| | fre d | ||
| 100 | 1 |
_aWallon, Jean. _9133874 |
|
| 245 | 1 | 0 |
_aJésus et les jésuites _b: Moïse, Jésus, Loyola, les jésuites dans l'histoire / _cJean Wallon. |
| 260 |
_aParis : _bG. Charpentier, _c1879 ( _fImp. Vve.P. Larousse et Cie.) |
||
| 300 |
_aXIV, 400 p. ; _c19 cm. |
||
| 610 | 2 | 4 |
_aJesuitas- _xHistoria _95353 |
| 752 |
_aFrancia - _dParís |
||
| 852 |
_aES-MaACL _jG-10906 _z- Enc. tela granate |
||
| 852 |
_aES-MaACL _jD-4677 _z- Rúst. deteriorada |
||
| 999 |
_c167845 _d167845 |
||